An analysis of the neighborhood impacts of a mortgage assistance program: A spatial hedonic model (Record no. 89237)

000 -LEADER
fixed length control field 00540pab a2200193 454500
008 - FIXED-LENGTH DATA ELEMENTS--GENERAL INFORMATION
fixed length control field 180718b2010 xxu||||| |||| 00| 0 eng d
100 ## - MAIN ENTRY--PERSONAL NAME
Personal name Di, Wenhua
245 ## - TITLE STATEMENT
Title An analysis of the neighborhood impacts of a mortgage assistance program: A spatial hedonic model
260 ## - PUBLICATION, DISTRIBUTION, ETC.
Date of publication, distribution, etc. 2010
300 ## - PHYSICAL DESCRIPTION
Extent p.682-725.
362 ## - DATES OF PUBLICATION AND/OR SEQUENTIAL DESIGNATION
Dates of publication and/or sequential designation Fall
650 ## - SUBJECT ADDED ENTRY--TOPICAL TERM
Topical term or geographic name entry element Housing - United States
650 ## - SUBJECT ADDED ENTRY--TOPICAL TERM
Topical term or geographic name entry element Housing
700 ## - ADDED ENTRY--PERSONAL NAME
Personal name Murdoch, James C.
700 ## - ADDED ENTRY--PERSONAL NAME
Personal name Ma, Jielai
773 ## - HOST ITEM ENTRY
Main entry heading Journal of Policy Analysis and Management
908 ## - PUT COMMAND PARAMETER (RLIN)
Put command parameter N
909 ## -
-- 89237
Holdings
Withdrawn status Lost status Damaged status Not for loan Permanent Location Current Location Date acquired Serial Enumeration / chronology Barcode Date last seen Price effective from Koha item type
        Indian Institute of Public Administration Indian Institute of Public Administration 2018-07-19 Volume no: 29, Issue no: 4 AR89697 2018-07-19 2018-07-19 Articles

Powered by Koha